000 00336nam a2200145Ia 4500
008 230312s9999||||xx |||||||||||||| ||und||
020 _a9789698455958
082 _a891.4
_bUZM-D
100 _aعظمیٰ مسعود
245 0 _aدل دریا
260 _bJamhori
_apak
_c2012
300 _a216
650 _aLiterature
942 _cBK
999 _c14925
_d14925